00653nam a2200205Ia 4500003000900000008004100009040001600050080001600066100002700082245005700109260003200166300001600198650002000214650003500234650002000269650001900289942000700308999001500315952011700330IN-BaIIA211028s9999 xx 000 0 eng d cIIA Library a620.51bRAV aRaven, Francis H96923 0aMathematics of engineering systemscFrancis H. Raven aNew YorkbMcGraw-Hillc1966 axiii, 524p. aEngineering981 aMathematical engineering96394 aMathematics982 aNASA Thesaurus cBK c3886d3886 00104070aBANbBANcGENd1972-02-17g29.92l0o620.51/ RAVp4339r2021-11-05v29.92w1972-02-17yBKGRs. 29.92